[Event "5. Nord-West-Cup"]
[Site "?"]
[Date "2003.??.??"]
[Round "7"]
[White "Strunski, Andreas"]
[Black "van Hove, Ode"]
[Result "1/2-1/2"]
[WhiteElo "1642"]
[BlackElo "1438"]
[PlyCount "72"]

1. e4 e5 2. Nf3 f5 3. Nxe5 Qf6 4. d4 fxe4 5. Bc4 Nc6 6. Bf7+ Ke7 7. Nxc6+ bxc6
8. Bb3 Qg6 9. O-O d5 10. Bf4 Kd8 11. c4 Be6 12. Nc3 Nf6 13. cxd5 cxd5 14. Rc1
c6 15. Na4 Bd7 16. Qd2 Be7 17. Qa5+ Ke8 18. Nb6 Rd8 19. Qxa7 Qf5 20. Bc7 Kf7
21. Bxd8 Rxd8 22. Qa5 Be8 23. Qd2 Bd6 24. Qe2 Kf8 25. a4 h5 26. a5 h4 27. f3
Qf4 28. g3 hxg3 29. fxe4 Qh4 30. hxg3 Qxg3+ 31. Qg2 Qe3+ 32. Qf2 Qg5+ 33. Kh1
Qh5+ 34. Kg2 Qg4+ 35. Kh1 Qh5+ 36. Kg1 Qg5+ 1/2-1/2

[Event "5. Nord-West-Cup"]
[Site "?"]
[Date "2003.??.??"]
[Round "7"]
[White "Reininga, Jannes"]
[Black "Hoppe, Dieter"]
[Result "1-0"]
[WhiteElo "1630"]
[BlackElo "1389"]
[PlyCount "86"]

1. d4 d5 2. c4 Nf6 3. cxd5 Qxd5 4. Nc3 Qd8 5. Bg5 e6 6. Nf3 Be7 7. e4 c6 8. Bd3
Nbd7 9. O-O h6 10. Bh4 O-O 11. Qe2 Nh7 12. Bxe7 Qxe7 13. Rad1 Nhf6 14. Rfe1 Nb6
15. Bc2 Re8 16. Qd3 g6 17. Ne5 Nfd7 18. Ng4 Kg7 19. e5 Nd5 20. Ne4 Rh8 21. Nd6
h5 22. Ne3 Qg5 23. Nxd5 cxd5 24. Re3 Rf8 25. Rg3 Qh6 26. Nxf7 Kxf7 27. Rxg6 Qf4
28. Rg7+ Ke8 29. Rf1 Qh6 30. Rg6 Qf4 31. Rxe6+ Kd8 32. Rd6 Kc7 33. Qa3 Qf7 34.
Ba4 Kb8 35. e6 Qg7 36. exd7 Qe7 37. dxc8=Q+ Rxc8 38. Rd7 Qxa3 39. bxa3 a6 40.
Rxd5 b5 41. Bb3 Ra7 42. f4 Rac7 43. Rxh5 Rf8 1-0

[Event "5. Nord-West-Cup"]
[Site "?"]
[Date "2003.??.??"]
[Round "7"]
[White "Kohlmann, Arndt"]
[Black "Janzen, Christian"]
[Result "1/2-1/2"]
[WhiteElo "1273"]
[BlackElo "1616"]
[PlyCount "51"]

1. e4 e5 2. Nf3 Nc6 3. Bb5 d6 4. O-O Bd7 5. d3 Nf6 6. Be3 Be7 7. Nc3 O-O 8. Ne2
a6 9. Bc4 Na5 10. Bb3 Nxb3 11. axb3 Ng4 12. Bd2 f5 13. exf5 Bxf5 14. Ng3 Qd7
15. h3 Nh6 16. Qe2 Qe6 17. Rfe1 Qg6 18. Bxh6 Qxh6 19. Nxe5 dxe5 20. Qxe5 Bxh3
21. Qxe7 Qb6 22. Qe3 Qxe3 23. Rxe3 Bd7 24. Re7 Rf7 25. Rae1 Raf8 26. Rxf7
1/2-1/2

[Event "5. Nord-West-Cup"]
[Site "?"]
[Date "2003.??.??"]
[Round "7"]
[White "Zotin, Vladimir"]
[Black "Buntemeyer, Axel"]
[Result "1/2-1/2"]
[WhiteElo "2051"]
[BlackElo "1540"]
[PlyCount "98"]

1. b3 c5 2. Bb2 d5 3. Nf3 Nc6 4. e3 Bg4 5. h3 Bh5 6. g4 Bg6 7. Bb5 Qb6 8. Ba4
h5 9. Ne5 Nf6 10. Nxg6 fxg6 11. g5 Nd7 12. Qe2 O-O-O 13. f4 c4 14. Bxc6 Qxc6
15. Bd4 cxb3 16. axb3 a6 17. Nc3 e5 18. fxe5 Nxe5 19. Rf1 Bd6 20. Ra5 Bb4 21.
Ra4 Bxc3 22. dxc3 Nc4 23. Bxg7 Rhe8 24. Bd4 Nxe3 25. Bxe3 Qxc3+ 26. Kd1 Rxe3
27. Qd2 Qxd2+ 28. Kxd2 Rxh3 29. Rf6 Rg8 30. Rd4 Rg3 31. Rxd5 h4 32. Rf7 Rd8 33.
Rxd8+ Kxd8 34. Rh7 h3 35. Ke1 Rg1+ 36. Kf2 Rg2+ 37. Kf1 Rxg5 38. Rxh3 Kc7 39.
c3 Kc6 40. Ke2 Rb5 41. b4 a5 42. bxa5 Rxa5 43. Kd3 Rd5+ 44. Kc4 g5 45. Rh6+ Rd6
46. Rh3 Rf6 47. Re3 b5+ 48. Kd3 Rf5 49. Rg3 Kc5 1/2-1/2

[Event "5. Nord-West-Cup"]
[Site "?"]
[Date "2003.??.??"]
[Round "7"]
[White "Toth, Hans-Jürgen"]
[Black "Campe, Herbert"]
[Result "0-1"]
[WhiteElo "1363"]
[BlackElo "1746"]
[PlyCount "136"]

1. d4 Nf6 2. c4 c5 3. e3 g6 4. Nf3 Bg7 5. Nc3 cxd4 6. exd4 O-O 7. Be2 d6 8. O-O
Bg4 9. h3 Bd7 10. Be3 Nc6 11. Rc1 a6 12. d5 Na7 13. Qb3 b5 14. cxb5 Nxb5 15.
Nxb5 Bxb5 16. Bxb5 axb5 17. Qxb5 Rxa2 18. Rfd1 Qa8 19. Rc2 Ra5 20. Qc6 Rxd5 21.
Rxd5 Nxd5 22. Bd4 e5 23. Qxa8 Rxa8 24. Bc3 Rc8 25. Ne1 Nxc3 26. Rxc3 Rxc3 27.
bxc3 f5 28. c4 Kf7 29. Nc2 Ke7 30. Nb4 Kd7 31. Kf1 e4 32. Ke2 Bc3 33. Nd5 Ba1
34. f3 exf3+ 35. gxf3 Kc6 36. Kd3 Kd7 37. Nb6+ Ke6 38. Nd5 Ke5 39. f4+ Ke6 40.
Nc7+ Kd7 41. Nd5 h6 42. Nb6+ Ke6 43. Nd5 g5 44. Nc7+ Kd7 45. Nd5 Bb2 46. Nb6+
Kc6 47. Nd5 Kd7 48. Nb6+ Ke8 49. Nd5 Bc1 50. Ne3 Bxe3 51. Kxe3 Ke7 52. Kf3 Kd7
53. fxg5 hxg5 54. Ke3 Kc6 55. Kd4 f4 56. Ke4 Kc5 57. Kd3 Kb4 58. Kd4 Kb3 59.
Kd3 f3 60. Ke3 Kxc4 61. Kxf3 Kc3 62. Kg4 d5 63. Kxg5 d4 64. h4 d3 65. h5 d2 66.
h6 d1=Q 67. h7 Qd8+ 68. Kg6 Qh8 0-1

[Event "5. Nord-West-Cup"]
[Site "?"]
[Date "2003.??.??"]
[Round "7"]
[White "Frerichs, Manfred"]
[Black "Bolduan, Albrecht"]
[Result "1-0"]
[WhiteElo "1567"]
[BlackElo "1406"]
[PlyCount "63"]

1. e4 d5 2. exd5 Qxd5 3. Nc3 Qa5 4. d4 Nf6 5. Nf3 Bg4 6. h3 Bf5 7. Bd3 Ne4 8.
Bxe4 Bxe4 9. Bd2 Bc6 10. O-O Qf5 11. Nh4 Qf6 12. Qg4 Bd7 13. Qf4 Qxf4 14. Bxf4
c6 15. Rfe1 Be6 16. Rad1 h6 17. Nf3 Bd5 18. Nxd5 cxd5 19. Re5 e6 20. Re3 Nc6
21. Rb3 Na5 22. Rc3 Nc6 23. Rb3 O-O-O 24. a3 b6 25. Rc3 Kb7 26. Rxc6 Kxc6 27.
Ne5+ Kd6 28. Nxf7+ Ke7 29. Nxh8 Kf6 30. Be5+ Kf5 31. g4+ Ke4 32. Re1+ 1-0

[Event "5. Nord-West-Cup"]
[Site "?"]
[Date "2003.??.??"]
[Round "7"]
[White "Kickert, Germaine"]
[Black "Wollin, Torsten"]
[Result "1-0"]
[WhiteElo "1269"]
[BlackElo "1494"]
[PlyCount "53"]

1. e4 c5 2. c3 d6 3. d4 Nf6 4. Bd3 Nc6 5. Nf3 e6 6. O-O Be7 7. Be3 O-O 8. h3 a6
9. Nbd2 b5 10. b3 Bb7 11. Qc2 Rc8 12. e5 Nxd4 13. Bxd4 cxd4 14. exf6 Rxc3 15.
Bxh7+ Kh8 16. fxe7 Qxe7 17. Qb1 g6 18. Bxg6 fxg6 19. Qxg6 Rf6 20. Qh5+ Kg8 21.
Qg4+ Kf8 22. Ne4 Bxe4 23. Qxe4 Qg7 24. Nxd4 Kg8 25. Nxe6 Qf7 26. Qa8+ Kh7 27.
Ng5+ 1-0

[Event "5. Nord-West-Cup"]
[Site "?"]
[Date "2003.??.??"]
[Round "7"]
[White "Schermann, Sarah"]
[Black "Ströcker, Uwe"]
[Result "0-1"]
[WhiteElo "895"]
[BlackElo "1452"]
[PlyCount "64"]

1. d4 g6 2. Nc3 Bg7 3. e4 d6 4. Nf3 c6 5. Bc4 b5 6. Bd3 Bb7 7. Bd2 a6 8. O-O
Qb6 9. Be3 c5 10. d5 Nf6 11. h3 O-O 12. a4 b4 13. a5 Qc7 14. Nb1 e5 15. dxe6
fxe6 16. Ng5 Re8 17. c4 bxc3 18. Nxc3 d5 19. Ne2 Nxe4 20. Qc1 Nxg5 21. Bxg5 c4
22. Ra4 Bc6 23. Ra2 Bb5 24. Bb1 Nc6 25. Bd2 Qe5 26. Re1 Bf8 27. Nd4 Qxd4 28.
Bc3 Qh4 29. Bc2 d4 30. Re4 Qh6 31. Qxh6 Bxh6 32. Bxd4 Nb4 0-1